Normal view
MARC view
Entry Topical Term
001 - CONTROL NUMBER
- control field: 13400
003 - CONTROL NUMBER IDENTIFIER
- control field: ARRUPE
005 - DATE AND TIME OF LATEST TRANSACTION
- control field: 20141211135318.0
008 - FIXED-LENGTH DATA ELEMENTS
- fixed length control field: 141211|| aca||aabn | a|a d
040 ## - CATALOGING SOURCE
- Original cataloging agency: ARRUPE
- Transcribing agency: ARRUPE
150 ## - HEADING--TOPICAL TERM
- Topical term or geographic name as entry element: commonwealth (Organisation)
- General subdivision: Periodicals
670 ## - SOURCE DATA FOUND
- Source citation: Work cat.: (ARRUPE): Commonwealth Secretariat 13399, Fourth Report to Heads of Govenment , 1973